| 000 | 00345 a2200133 4500 | ||
|---|---|---|---|
| 003 | Nust | ||
| 005 | 20170207155100.0 | ||
| 040 | _cNust | ||
| 082 | _a799 | ||
| 245 |
_aOEWC-7 Gp Photo (Misc Photographs) _cMCS |
||
| 260 |
_aRawalpindi _bMCS |
||
| 650 | _aPictures of OEWC-7 Gp Photo in MCS (Misc Photographs) (Soft Copy) CD-21 | ||
| 651 | _aSweet Memories-MCS | ||
| 942 | _cBK | ||
| 999 |
_c200126 _d200126 |
||